000 00652nam a2200229Ia 4500
005 20260430150120.0
008 008 250103s9999 xx 000 0 eng d
037 _aTheses
040 _aCRL
040 _beng
040 _ceng
041 _2eng
041 _aeng
084 _qCRL
100 _aBhardwaj Sweta Au.; Tribhuwan Prasad Gu.
_91236505
245 0 _aTrade, Commercial Networks and Indian Merchants in the Red Sea & Arabian sea During Pre-Colonial Times
260 _c2021
300 _a208p.
700 _aUniversity of Delhi. Faculty of Social Science. Deptt. of African Studies
942 _cTH
999 _c1848983
_d1848983